000 00363nam a2200145Ia 4500
008 230711s9999||||xx |||||||||||||| ||und||
041 _aENG
082 _a624
_bBO-E
100 _aBoggs,Robert G
245 0 _aElementary Structural Analysis
250 _a1st Ed.
260 _c1986
_aNew York
_bLongman Group Publication
650 _aCivil Engineering
942 _cBK
999 _c417
_d417